000 00521na a2200205 4500
001 14622
003 MIRAKIL
005 20181213154900.0
008 160830b tu 000 0
035 _a14622
040 _aMilas
_btur
_cTR-AnCHP
082 _a814
_bD86s 2012
090 _a814 D86s 2012
100 _aDurak, Uğur
245 _aSakıncasız umut mektupları
_cUğur Durak
260 _aAnkara
_b[yayl.y.]
_c2012
300 _a212 s.
_c20 sm.
650 _aTürk edebiyatı
_xDenemeler
942 _2ddc
_cBKS
999 _c2522
_d2522